| Tag |
First Indicator |
Second Indicator |
Subfields |
| LEADER |
00000cam a2200000 a 4500 |
| 001 |
in00000019333 |
| 005 |
20151007054235.0 |
| 008 |
870604s1987 enka b 00110 eng |
| 010 |
|
|
|a 87015834
|
| 020 |
|
|
|a 0521322146
|
| 035 |
|
|
|a (OCoLC)16093186
|
| 035 |
|
|
|9 AAB4428AM
|
| 040 |
|
|
|a DLC
|c DLC
|d TXA
|d UtOrBLW
|
| 041 |
1 |
|
|a eng
|h rus
|
| 043 |
|
|
|a ac-----
|
| 049 |
|
|
|a TXAM
|c [A11086731]
|
| 050 |
0 |
0 |
|a DS329.4
|b .G8513 1987
|
| 082 |
0 |
|
|a 958
|2 19
|
| 100 |
1 |
|
|a Gumilev, L. N.
|q (Lev Nikolaevich),
|d 1912-1992.
|
| 240 |
1 |
0 |
|a Poiski vymyshlennogo t͡sarstva.
|l English
|
| 245 |
1 |
0 |
|a Searches for an imaginary kingdom :
|b the legend of the kingdom of Prester John /
|c L.N. Gumilev ; translated by R.E.F. Smith.
|
| 264 |
|
1 |
|a Cambridge [Cambridgeshire] ;
|a New York :
|b Cambridge University Press,
|c 1987.
|
| 300 |
|
|
|a xix, 403 pages :
|b illustrations ;
|c 23 cm.
|
| 336 |
|
|
|a text
|b txt
|2 rdacontent
|
| 337 |
|
|
|a unmediated
|b n
|2 rdamedia
|
| 338 |
|
|
|a volume
|b nc
|2 rdacarrier
|
| 490 |
1 |
|
|a Past and present publications
|
| 500 |
|
|
|a Translation of: Poiski vymyshlennogo t︠s︡arstva.
|
| 504 |
|
|
|a Bibliography: pages 379-387.
|
| 500 |
|
|
|a Includes index.
|
| 651 |
|
0 |
|a Asia, Central
|x History.
|
| 650 |
|
0 |
|a Prester John (Legendary character)
|
| 830 |
|
0 |
|a Past and present publications.
|
| 999 |
|
|
|a MARS
|
| 999 |
f |
f |
|s fcc2df87-1c95-3ccf-a16a-e408282a879c
|i 40fb4044-8ac6-331d-93ac-32e18dc6272c
|t 0
|
| 952 |
f |
f |
|p ric
|a Texas A&M University
|b Rellis Campus
|c Joint Library Facility
|d Remote Storage
|t 0
|e DS329.4 .G8513 1987
|h Library of Congress classification
|i unmediated -- volume
|m A14811086731
|
| 998 |
f |
f |
|a DS329.4 .G8513 1987
|t 0
|l Remote Storage
|